000 00522nam a2200181Ia 4500
008 240925s9999 xx 000 0 und d
020 _a9788126523047
082 _a621.382 TON
100 _aTonguz ,O Zan K.; Ferrari, Gianluigi
245 0 _aAD HOC Wireless Networks: a communication -theoretic perspective
250 _aNA
260 _aNew Delhi:
_bJohn Wiley & Sons
_cNA
300 _a111p.
_bN.A
_fOriginal
500 _aIncludes Index
600 _aEngineering Technology
650 _aTechnology
942 _cBK
999 _c10753
_d10753